000 00278nam a22001337a 4500
008 171104b xxu||||| |||| 00| 0 eng d
020 _a2900072410753
041 _aeng
080 _a339.138
100 _a61
101 _aMKT
245 _aMARKETING
_cKERIN
942 _2udc
_cBK
999 _c37613
_d37613